000 00535nam a2200217Ia 4500
003 OSt
005 20220928140214.0
006 a|||||r|||| 00| 0
007 ta
008 220927b |||||||| |||| 00| 0 eng d
024 _a7621
037 _cTextual
040 _aSDCL
_cSDCL
_beng
041 _2eng
_aeng
082 _aD6,8(B),2, N5
100 _aSmith David J
_9376889
245 0 _aAchieving quality software
260 _c1995
942 _hD6,8(B),2, N5
_cTEXL
_2CC
999 _c810665
_d810665